ბათუმის შოთა რუსთაველის სახელმწიფო უნივერსიტეტის ბიბლიოთეკა

ციფრული კავშირის სისტემების შემუშავება რადიოარხებისათვის : (ბიბ.ჩანაწერი № 57879)

000 -ლიდერი
ფიქსირებული სიგრძის საკონტროლო ველი 01391nam a22002297a 4500
003 - საკონტროლო ნომრის იდენტიფიკატორი
საკონტროლო ველი Ge_BSU
005 - ბოლო ოპერაციის თარიღი და დრო
საკონტროლო ველი 20210323142238.0
008 - ფიქსირებული სიგრძის მონაცემთა ელემენტები - ზოგადი ინფორმაცია
ფიქსირებული სიგრძის საკონტროლო ველი 210323s2020 ||||| |||| 00| 0 geo d
020 ## - წიგნის საერთაშორისო სტანდარტული ნომერი
International Standard Book Number 9789941970214
041 ## - ენის კოდი
Language code of text/sound track or separate title geo
080 ## - უნივერსალური ათობითი კლასიფიკაციის ინდექსი
Universal Decimal Classification number 621.39 უ-86
100 ## - მთავარი ჩანაწერი - პიროვნების სახელი
Personal name უღრელიძე, ნოდარ
9 (RLIN) 10685
245 ## - ცნობა სათაურის შესახებ
Title ციფრული კავშირის სისტემების შემუშავება რადიოარხებისათვის :
Remainder of title [მონოგრაფია] /
Statement of responsibility, etc ნოდარ უღრელიძე, სერგო შავგულიძე ; რედაქცია ზურაბ ყიფშიძე.
264 ## - წარმოების, გამოცემის, დისტრიბუციის და სხვა ცნობები
გამოცემის, წარმოების, დისტრიბუციის... ადგილი თბილისი :
გამოცემის, წარმოების, დისტრიბუციის... სახელწოდება კავკასიის უნივერსიტეტის გამომცემლობა,
გამოცემის, წარმოების, დისტრიბუციის... თარიღი 2020.
300 ## - ფიზიკური აღწერა
Extent 154 გვ. :
Other physical details ნახ. ;
Dimensions 20 სმ.
504 ## - BIBLIOGRAPHY, ETC. NOTE
Bibliography, etc ბიბლიოგრაფია თავების ბოლოს
653 ## - INDEX TERM--UNCONTROLLED
Uncontrolled term ციფრული კავშირის სისტემების შემუშავება რადიოარხებისათვის
653 ## - INDEX TERM--UNCONTROLLED
Uncontrolled term რადიოკავშირი
700 ## - ADDED ENTRY--PERSONAL NAME
Personal name შავგულიძე, სერგო
9 (RLIN) 10686
700 ## - ADDED ENTRY--PERSONAL NAME
Personal name ყიფშიძე, ზურაბ
Relator term რედაქცია
9 (RLIN) 10687
942 ## - ADDED ENTRY ELEMENTS (KOHA)
Source of classification or shelving scheme
Koha item type წიგნი
ეგზემპლარები
ჩამოწერის სტატუსი დაკარგული ეგზემპლარის სტატუსი კლასიფიკაციის წყარო ან თაროზე გაწყობის სქემა დაზიანების სტატუსი არ გაიცემა მუდმივი მდებარეობა (დაცვის ადგილი) ამჟამინდელი ადგილსამყოფელი თაროზე განთავსების ადგილი შეძენის თარიღი ღირებულება, შესყიდვის ნორმალური ფასი სრული შენახვის შიფრი შტრიხკოდი ბოლო ოპერაციის თარიღი ეგზემპლარის მიმდევრობითი ნომერი (კეტერი?) ფასის ძალაში შესვლის თარიღი ეგზემპლარის სახეობა საჯარო შენიშვნა
          ბათუმის შოთა რუსთაველის სახელმწიფო უნივერსიტეტის მთავარი ბიბლიოთეკა ტექნოლოგიური ფაკულტეტის ბიბლიოთეკა წიგნსაცავი 2021-03-23 10.00 621.39 უ-86 29220 2021-03-23 29220 2021-03-23 წიგნი 10.00
          ბათუმის შოთა რუსთაველის სახელმწიფო უნივერსიტეტის მთავარი ბიბლიოთეკა ტექნოლოგიური ფაკულტეტის ბიბლიოთეკა წიგნსაცავი 2021-03-23 10.00 621.39 უ-86 29221 2021-03-23 29221 2021-03-23 წიგნი 10.00